[Event "Cannes Open A"]
[Site "Cannes France"]
[EventDate "2007.02.18"]
[Date "2007.02.20"]
[Round "3"]
[White "DERIEUX, Christian"]
[WhiteTitle "-"]
[WhiteElo "2134"]
[Black "FIERRO BAQUERO, Martha"]
[BlackTitle "IM"]
[BlackElo "2339"]
[Result "0-1"]
[Source "MonRoi"]

1. d4 g6 2. c4 Bg7 3. e4 d6 4. Nc3 Nf6 5. Nge2 O-O 6. Ng3 a6 7. Be2 c6 8. O-O b5 9. e5 Ne8 10. f4 Nc7 11. Be3 bxc4 12. Bxc4 Be6 13. Bxe6 Nxe6 14. Qf3 Qb6 15. Rad1 Qxb2 16. Nce4 d5 17. f5 dxe4 18. Nxe4 Qxa2 19. fxe6 Qxe6 20. Ng5 Qc8 21. Rc1 f6 22. exf6 exf6 23. Ne4 Qd8 24. Rfd1 Re8 25. d5 Qe7 26. Rc4 cxd5 27. Rxd5 Nd7 28. Bf4 Nb6  0-1

[Event "Cannes Open A"]
[Site "Cannes France"]
[EventDate "2007.02.18"]
[Date "2007.02.20"]
[Round "3"]
[White "MALEKI, Nicolas"]
[WhiteTitle "-"]
[WhiteElo "2116"]
[Black "FARGERE, Francois"]
[BlackTitle "FM"]
[BlackElo "2330"]
[Result "1/2-1/2"]
[Source "MonRoi"]

1. e4 c5 2. Nf3 d6 3. d4 Nf6 4. Nc3 cxd4 5. Nxd4 a6 6. Be3 e5 7. Nb3 Be6 8. f3 Be7 9. Qd2 O-O 10. O-O-O Nbd7 11. g4 b5 12. g5 b4 13. Ne2 Ne8 14. Ng3 a5 15. Kb1 a4 16. Nc1 b3 17. cxb3 axb3 18. axb3 Nc7 19. Bc4 g6 20. h4 Bxc4 21. bxc4 Ra4 22. h5 Qa8 23. Qh2 Rb8 24. hxg6 Nf8 25. gxf7 Kxf7 26. Qh5 Kg8 27. Nf5 Ra1 28. Kc2 Qa4 29. Kd3 Rxb2 30. Nxe7 Kh8 31. Ng6 Kg8 32. Ne7 Kh8 33. Ng6  1/2-1/2

[Event "Cannes Open A"]
[Site "Cannes France"]
[EventDate "2007.02.18"]
[Date "2007.02.20"]
[Round "3"]
[White "CLERY, Nicolas"]
[WhiteTitle "FM"]
[WhiteElo "2324"]
[Black "FERRIGNO, Jean Pierre"]
[BlackTitle "-"]
[BlackElo "2126"]
[Result "1-0"]
[Source "MonRoi"]

1. d4 c5 2. d5 f5 3. g3 g6 4. Bg2 Nf6 5. c4 d6 6. Nc3 Bg7 7. Nf3 Na6 8. O-O Nc7 9. Rb1 O-O 10. a3 a5 11. b3 Bd7 12. a4 h6 13. Bb2 g5 14. h4 g4 15. Ne1 f4 16. Nd3 Nh5 17. Ne4 e5 18. dxe6 Nxe6 19. Bxg7 Kxg7 20. Nxf4 Nhxf4 21. Qxd6 Nxe2 22. Kh2 Rf5 23. Rbd1 N2d4 24. Nxc5 Nxc5 25. Rxd4 Ra6 26. Rxg4 Kh7 27. Qd4 Ne6 28. Qe3 Nc5 29. Qd4 Ne6 30. Qe3 Nc5 31. Rd4 Re6 32. Qd2 Rfe5 33. Rd5 Re2 34. Qd4 b6 35. Bf3 Qe7 36. Bxe2 Rxe2 37. Rd1 Bc6 38. Rd8 Re5 39. Qf4 Rh5 40. Rf8 Be8 41. Rd6 Bg6 42. Rdd8 Rf5 43. Rh8 Kg7 44. Qxh6 Kf6 45. Rhf8 Ke5 46. Qe3  1-0

[Event "Cannes Open A"]
[Site "Cannes France"]
[EventDate "2007.02.18"]
[Date "2007.02.20"]
[Round "3"]
[White "CAROFF, Frederic"]
[WhiteTitle "-"]
[WhiteElo "2073"]
[Black "WEILL, Roland"]
[BlackTitle "FM"]
[BlackElo "2261"]
[Result "0-1"]
[Source "MonRoi"]

1. e4 e5 2. Nf3 Nc6 3. Bb5 a6 4. Ba4 d6 5. O-O Bd7 6. c3 Nf6 7. Re1 Be7 8. d4 O-O 9. h3 Re8 10. Nbd2 Bf8 11. Bc2 g6 12. Nf1 Bg7 13. Ng3 Qe7 14. Bg5 h6 15. Be3 Rad8 16. Rc1 d5 17. Nxe5 Nxe5 18. dxe5 Nxe4 19. Nxe4 dxe4 20. Bxe4 Qxe5 21. Bd4 Qg5 22. Qf3 c6 23. Bxg7 Kxg7 24. Rcd1 Be6 25. Rxd8 Rxd8 26. a3 Rd2 27. b4 Ra2 28. c4 Qf6 29. b5 Qxf3 30. Bxf3 Rxa3 31. bxc6 bxc6 32. Bxc6 Bxc4 33. Re4 Ra1 34. Kh2 Be6 35. Ra4 Rxa4 36. Bxa4 Kf6 37. g4 Ke5 38. Kg3 Kd4 39. Kf4 g5 40. Kg3 f6 41. f4  0-1

[Event "Cannes Open A"]
[Site "Cannes France"]
[EventDate "2007.02.18"]
[Date "2007.02.20"]
[Round "3"]
[White "STRUK, Jerzy"]
[WhiteTitle "-"]
[WhiteElo "2260"]
[Black "VANDERBEEKEN, Mikael"]
[BlackTitle "-"]
[BlackElo "2113"]
[Result "1/2-1/2"]
[Source "MonRoi"]

1. e4 e6 2. d4 d5 3. Nc3 Nf6 4. e5 Nfd7 5. f4 c5 6. Nf3 Nc6 7. Be3 a6 8. Qd2 b5 9. dxc5 Bxc5 10. Bxc5 Nxc5 11. Qf2 Qb6 12. Bd3 b4 13. Ne2 a5 14. O-O Ba6 15. Kh1 Ne7 16. b3 h6 17. h3 Rb8 18. Bxa6 Nxa6 19. Qxb6 Rxb6 20. a3 Kd7 21. Nfd4 Rc8 22. g4 g6 23. axb4 Nxb4 24. Rxa5 Nxc2 25. Ra7 Kd8 26. f5 exf5 27. gxf5 Nxd4 28. Nxd4 gxf5 29. Rg1 Rg6 30. Rxg6 fxg6 31. Kg2 Nc6 32. Ne6 Ke8 33. Ng7 Kf8 34. Ne6 Ke8 35. Ng7 Kf8 36. Ne6 Ke8 37. Ng7  1/2-1/2

[Event "Cannes Open A"]
[Site "Cannes France"]
[EventDate "2007.02.18"]
[Date "2007.02.20"]
[Round "3"]
[White "PEREZ, Flavio"]
[WhiteTitle "-"]
[WhiteElo "2244"]
[Black "ARSENAULT, Nicolas"]
[BlackTitle "-"]
[BlackElo "2112"]
[Result "0-1"]
[Source "MonRoi"]

1. e4 e6 2. Nf3 d5 3. e5 c5 4. b4 cxb4 5. d4 Nc6 6. a3 f6 7. axb4 Bxb4 8. c3 Be7 9. Bd3 fxe5 10. dxe5 Nh6 11. Bxh6 gxh6 12. Ra2 O-O 13. h4 Rf7 14. Re2 Bd7 15. Rh3 Kh8 16. Nbd2 Qc7 17. g4 Rg8 18. Rg3 Rfg7 19. g5 hxg5 20. hxg5 Bxg5 21. Nxg5 Rxg5 22. Rh3 Rg1 23. Nf1 R8g7 24. f4 Be8 25. Reh2 Bg6 26. Rh6 Nxe5 27. fxe5 Qxc3 28. Ke2 Bxd3 29. Qxd3 R1g2 30. Rxg2 Rxg2 31. Ke3 d4  0-1

[Event "Cannes Open A"]
[Site "Cannes France"]
[EventDate "2007.02.18"]
[Date "2007.02.20"]
[Round "3"]
[White "VAN HEIRZEELE, Daniel"]
[WhiteTitle "-"]
[WhiteElo "2234"]
[Black "SCHMITZ, Andreas Arnold"]
[BlackTitle "c"]
[BlackElo "2101"]
[Result "1-0"]
[Source "MonRoi"]

1. Nf3 Nf6 2. c4 e6 3. g3 d5 4. d4 c6 5. Bg2 Bd6 6. O-O Nbd7 7. Nc3 O-O 8. Nd2 dxc4 9. Nxc4 Bc7 10. Bf4 Nd5 11. Bxc7 Qxc7 12. Rc1 Nxc3 13. Rxc3 e5 14. d5 cxd5 15. Qxd5 Nb6 16. Qxe5 Qxe5 17. Nxe5 Re8 18. Re3 Kf8 19. Rc1 f6 20. Nc4 Rxe3 21. Nxe3 Be6 22. Bxb7 Rb8 23. Be4 Bxa2 24. Ra1 Bc4 25. Rxa7 Bxe2 26. Rb7 Rxb7 27. Bxb7 Kf7 28. f4 g5 29. Kf2 Bb5 30. Nd5 Nd7 31. Nc3 Bd3 32. Ke3 Bf1 33. b4 Ke7 34. Kd4 Kd6 35. fxg5 fxg5 36. Ne4 Kc7 37. Bd5 h6 38. Nd2 Bb5 39. Nc4 Nf6 40. Ne5 h5 41. Kc5 Ba4 42. Bf3 g4 43. Bg2 Bc2 44. Kd4 Kb6 45. Bf1 Ne4 46. Nc4 Kc7 47. Bg2 Ng5 48. Ke3 Ba4 49. Kf4 Ne6 50. Ke3 Bb5 51. Ne5 Kb6 52. Be4 Be8 53. Bd3 Kc7 54. Bg6 Bxg6 55. Nxg6 Kd6 56. Nf4 Ng5 57. Nxh5 Nf3 58. h4 Ke5 59. Nf4 Nd4 60. Nd3 Kd5 61. Kf4  1-0

[Event "Cannes Open A"]
[Site "Cannes France"]
[EventDate "2007.02.18"]
[Date "2007.02.20"]
[Round "3"]
[White "ARDUIN, Antoine"]
[WhiteTitle "-"]
[WhiteElo "1876"]
[Black "HELL, Pascal"]
[BlackTitle "-"]
[BlackElo "2227"]
[Result "0-1"]
[Source "MonRoi"]

1. d4 Nf6 2. Nf3 e6 3. Bg5 c5 4. c3 cxd4 5. cxd4 Bb4 6. Nc3 Nc6 7. Qc2 h6 8. Bf4 Qb6 9. e3 Nd5 10. Bg3 Qa5 11. Kd2 Be7 12. Be2 b5 13. a3 Nxc3 14. bxc3 a6 15. Qb2 Bb7 16. Rhc1 O-O 17. Ke1 Rfc8 18. Kf1 Qd8 19. Nd2 d5 20. a4 b4 21. cxb4 Nxb4 22. Nb3 a5 23. Nc5 Bc6 24. Qb3 Bd6 25. Bxd6 Qxd6 26. Rc3 Qxh2 27. Ke1 Qxg2 28. Rac1 Rcb8 29. Qa3 Qg1 30. Bf1 h5 31. e4 h4 32. e5 Qg4 33. Nb3 Be8 34. Bb5 Bxb5 35. axb5 Rxb5 36. Qa4 Rbb8 37. Qd7 h3 38. Kd2 Qf4 39. Ke2 h2 40. Rf1 h1Q 41. Rxh1 Qe4 42. Re3 Qxh1 43. Rf3 Qh5  0-1

[Event "Cannes Open A"]
[Site "Cannes France"]
[EventDate "2007.02.18"]
[Date "2007.02.20"]
[Round "3"]
[White "ZERMICHE, Cherif"]
[WhiteTitle "-"]
[WhiteElo "2105"]
[Black "BRUNED, Boris"]
[BlackTitle "-"]
[BlackElo "2211"]
[Result "0-1"]
[Source "MonRoi"]

1. e4 c5 2. Nc3 Nc6 3. f4 g6 4. Nf3 Bg7 5. Bc4 e6 6. O-O Nge7 7. Qe1 O-O 8. d3 d5 9. Bb3 Na5 10. Bd2 Nec6 11. Ba4 a6 12. exd5 exd5 13. Nxd5 Qxd5 14. Bxa5 b5 15. c4 Qxd3 16. Bb3 Bxb2 17. Rd1 Qf5 18. Rd5 Qf6 19. Bc7 Nd4 20. Ng5 Nxb3 21. Qh4 Qg7 22. axb3 f6 23. Bd6 fxg5 24. Qe1 Rd8 25. Be5 Re8 26. Bxg7 Rxe1 27. Rxe1 Kxg7 28. Re8 Bf6 29. fxg5 Kf7 30. Rxc8 Rxc8 31. gxf6 Kxf6 32. Rd6 Ke5 33. Rxa6 bxc4 34. bxc4 Kd4 35. Ra4 Rc7 36. Kf2 Kc3 37. g4 Kb3 38. Ra8 Kxc4 39. h4 Kd3 40. h5 gxh5 41. gxh5 c4 42. Rd8 Kc2 43. Ke2 c3 44. h6 Rc6  0-1

[Event "Cannes Open A"]
[Site "Cannes France"]
[EventDate "2007.02.18"]
[Date "2007.02.20"]
[Round "3"]
[White "LIBENS, Michel"]
[WhiteTitle "-"]
[WhiteElo "2104"]
[Black "WAUTERS, Alain"]
[BlackTitle "-"]
[BlackElo "2177"]
[Result "1/2-1/2"]
[Source "MonRoi"]

1. e4 c5 2. Nf3 e6 3. d4 cxd4 4. Nxd4 Nc6 5. a3 Nf6 6. Nc3 Qc7 7. g3 a6 8. Bg2 d6 9. Be3 Be7 10. O-O Bd7 11. Nce2 O-O 12. b3 b5 13. h3 Rac8 14. Nxc6 Bxc6 15. Qd3 Bb7 16. Rfc1 d5 17. exd5 Nxd5 18. c4 bxc4 19. Rxc4 Qb8 20. Bd2 Nb6 21. Bf4 Qa8 22. Rxc8 Rxc8 23. Bxb7 Qxb7 24. Be5 Rd8 25. Qc3 Nd5 26. Qf3 f6 27. Bb2 Qb6 28. Rd1 a5 29. Rd3 Bc5 30. Bd4 Ne7 31. Qe4 Bxd4 32. Rxd4 e5 33. Rxd8 Qxd8 34. Nc3 Qc8 35. Nd5 Qc1 36. Kg2 Nc6 37. Qa4 Kf7 38. Qb5 Qc2 39. Qb7 Ke6 40. Ne3 Qe4 41. Kh2 Qf3 42. Qc8 Kf7 43. Qd7 Kf8 44. Qd6 Kf7 45. Qd7 Kf8 46. Kg1 Nd4 47. Qd8  1/2-1/2

[Event "Cannes Open A"]
[Site "Cannes France"]
[EventDate "2007.02.18"]
[Date "2007.02.20"]
[Round "3"]
[White "ASTENGO, Corrado"]
[WhiteTitle "-"]
[WhiteElo "2085"]
[Black "THIRION, Marcel"]
[BlackTitle "-"]
[BlackElo "2171"]
[Result "1/2-1/2"]
[Source "MonRoi"]

1. e4 e5 2. Nf3 Nc6 3. Bb5 Bc5 4. O-O Nd4 5. Nxd4 Bxd4 6. c3 Bb6 7. d4 c6 8. Bc4 d6 9. dxe5 dxe5 10. Qxd8 Bxd8 11. Be3 Nf6 12. f3 Nd7 13. Nd2 Bb6 14. Bxb6 axb6 15. Bb3 Ke7 16. Rfd1 b5 17. Kf2 Nc5 18. Bc2 Be6 19. a3 Rhd8 20. Ke3 Na4 21. Rab1 - 22. Nb3 Rxd1 23. Bxd1 Rd8 24. Bc2 b6 25. Nc1 Bc4 26. Nd3 Bxd3 27. Bxd3 Nc5 28. Bc2 Nb7 29. Rd1 Rxd1 30. Bxd1 Na5 31. b3 Kd6 32. Kd3 c5 33. Kd2 Kc6 34. Kc2 Nb7 35. Be2 Nd6 36. Kd2 g6 37. Ke3 f5 38. g3 fxe4 39. fxe4 h6 40. h4 Kb7 41. Bf3 Ka6 42. Kd2 Ka5 43. Kc2 b4 44. Kb2 Nb5 45. axb4 cxb4 46. cxb4 Kxb4 47. Be2 Nd4 48. Bc4 b5 49. Bf7 g5 50. hxg5 hxg5 51. g4 Nf3 52. Bd5 Ne1 53. Be6 Nd3 54. Kc2 Nc5 55. Bd5 Ka3 56. Bc6 b4 57. Bd5 Ka2 58. Bc6 Ne6 59. Kd3 Nd4 60. Bd5 Kb2 61. Kc4 Nxb3 62. Kxb4 Nd2 63. Bc6 Kc2 64. Kc5 Kd3 65. Kd5 Nf3 66. Ke6 Ke3 67. Kf5 Kf2 68. Ba4 Ke3 69. Bd1 Nd2 70. Kxe5 Nxe4 71. Kf5 Nf2 72. Kxg5  1/2-1/2

[Event "Cannes Open A"]
[Site "Cannes France"]
[EventDate "2007.02.18"]
[Date "2007.02.20"]
[Round "3"]
[White "FLEAR, Christine"]
[WhiteTitle "WIM"]
[WhiteElo "2160"]
[Black "SCHMITZ, Manuela"]
[BlackTitle "WFM"]
[BlackElo "2072"]
[Result "1-0"]
[Source "MonRoi"]

1. Nf3 Nf6 2. b3 d5 3. Bb2 e6 4. g3 Bd6 5. Bg2 O-O 6. O-O Nbd7 7. c4 c6 8. d4 Re8 9. Nbd2 Qe7 10. Qc2 b6 11. e4 dxe4 12. Nxe4 Nxe4 13. Qxe4 Bb7 14. Ne5 Nxe5 15. dxe5 Bc5 16. Rad1 Rad8 17. Bc1 Rxd1 18. Rxd1 Rd8 19. Qg4 Rd7 20. h4 Qd8 21. Re1 Rd4 22. Qe2 Bb4 23. Rf1 Be7 24. Be4 Ba8 25. Qf3 Qc7 26. Be3 Rd8 27. Bf4 Rd4 28. h5 Rd8 29. Re1 Qc8 30. Qg4 Kh8 31. h6 g6 32. Bg5 Qc7 33. Qh4 Re8 34. Bxe7 Qxe7 35. Qxe7 Rxe7 36. Rd1 Re8 37. Rd7 Kg8 38. Rxa7 Kf8 39. b4 Rc8 40. b5 Ke8 41. Rxa8  1-0

[Event "Cannes Open A"]
[Site "Cannes France"]
[EventDate "2007.02.18"]
[Date "2007.02.20"]
[Round "3"]
[White "DIOTALLEVI, Maurizio"]
[WhiteTitle "-"]
[WhiteElo "2154"]
[Black "GORSE, Gerard"]
[BlackTitle "-"]
[BlackElo "2054"]
[Result "1/2-1/2"]
[Source "MonRoi"]

1. d4 Nf6 2. c4 c5 3. d5 e5 4. Nc3 d6 5. e4 Be7 6. Bd3 Nbd7 7. g4 Nf8 8. f3 h5 9. g5 N6d7 10. h4 a6 11. Be3 f6 12. Qd2 Ng6 13. Nge2 fxg5 14. hxg5 h4 15. O-O-O Ndf8 16. Rdg1 Bd7 17. Nd1 b5 18. Nf2 bxc4 19. Bxc4 Bb5 20. b3 Nd7 21. Nd3 Qb6 22. Kc2 a5 23. Nc3 Ba6 24. a4 O-O-O 25. Nb5 Rdf8 26. Qg2 Kb8 27. Bd2 Bc8 28. Qf2 Rf7 29. Qe1 Bd8 30. Rf1 Rhf8 31. Qd1 Ka8 32. Na3 Ba6 33. Bxa6 Qxa6 34. Nc4 Bc7 35. Rh3 Nb6 36. Nxb6 Qxb6 37. Be3 Rb8 38. Kb2 Qa6 39. Kc3 Bd8 40. Nc1 Rc7 41. Kd2 c4 42. bxc4 Qxc4 43. Ke1 Rb1 44. Kf2 Rcb7 45. Kg1 Bb6 46. Bxb6 R7xb6 47. Rh2 R6b2 48. Rxb2 Rxb2 49. Rf2 Rxf2 50. Kxf2 Nf4 51. Qd2 Qxc1 52. Qxa5 Kb7 53. Qb5 Kc7 54. Qa5 Kd7 55. Qb5 Kd8 56. Qb8 Kd7 57. Qb5  1/2-1/2

[Event "Cannes Open A"]
[Site "Cannes France"]
[EventDate "2007.02.18"]
[Date "2007.02.20"]
[Round "3"]
[White "LELIMOUSIN, Vincent"]
[WhiteTitle "-"]
[WhiteElo "2142"]
[Black "HAUSEUX, Philippe"]
[BlackTitle "-"]
[BlackElo "2061"]
[Result "1-0"]
[Source "MonRoi"]

1. e4 d5 2. exd5 Qxd5 3. Nc3 Qd8 4. d4 Nf6 5. Nf3 Bg4 6. Be2 e6 7. O-O Be7 8. Ne5 Bxe2 9. Qxe2 O-O 10. Qf3 c6 11. Be3 Nbd7 12. Rad1 Nb6 13. Bc1 Nbd5 14. Ne2 Qc7 15. c4 Nb6 16. Bf4 Qc8 17. b3 Rd8 18. Rd3 Nbd7 19. Rfd1 Nxe5 20. dxe5 Rxd3 21. Qxd3 Ne8 22. Nc3 Qc7 23. Ne4 Rd8 24. Nd6 c5 25. Rd2 Qc6 26. Kf1 Rd7 27. Qg3 Bxd6 28. exd6 f6 29. Qh3 e5 30. Qe6 Kf8 31. Be3 Rxd6 32. Rxd6 Nxd6 33. Qh3 h6 34. Qe6 Qc7 35. Qd5 b6 36. g3 Nf5 37. Qa8 Ke7 38. Qg8 Qd8 39. Qh7 Nxe3 40. fxe3 Qd1 41. Kf2 Qd2 42. Kf3 Qd1 43. Kf2 Qg4 44. h3 Qg5 45. Qe4 Kf7 46. a4 Qh5 47. g4 Qh4 48. Kg2 Qg5 49. Qd5 Kg6 50. Qe6 h5 51. Kf3 hxg4 52. hxg4 Qh4 53. Qf5 Kh6 54. Qc8 Qh3 55. Kf2 Qh2 56. Kf3 Qh1 57. Kf2 Qb1 58. Qh8 Qh7 59. Qa8 Kg5 60. Qxa7 Qh2 61. Kf3 Qh3 62. Kf2 Kh4  1-0

[Event "Cannes Open A"]
[Site "Cannes France"]
[EventDate "2007.02.18"]
[Date "2007.02.20"]
[Round "3"]
[White "THEVENOT, Jeremie"]
[WhiteTitle "-"]
[WhiteElo "1985"]
[Black "ROUSSIERE, Christophe"]
[BlackTitle "-"]
[BlackElo "2139"]
[Result "0-1"]
[Source "MonRoi"]

1. Nf3 d5 2. g3 Nf6 3. Bg2 g6 4. d3 Bg7 5. Bd2 c5 6. Qc1 Nc6 7. Bh6 Qa5 8. c3 O-O 9. Bxg7 Kxg7 10. Nbd2 e5 11. e4 dxe4 12. Nxe4 Nxe4 13. dxe4 Qa6 14. Qe3 Qb5 15. Qe2 a6 16. Qxb5 axb5 17. O-O Ra4 18. Rfe1 Be6 19. b3 Ra3 20. Ng5 Bc8 21. f4 f6 22. Nf3 Be6 23. fxe5 fxe5 24. Ng5 Bg8 25. Red1 h6 26. Nf3 Be6 27. Nh4 b4 28. cxb4 cxb4 29. Rd6 Nd4 30. Rb6 Rf7 31. Rd1 Rxa2 32. Rxb4 b5 33. Rf1 Rc7 34. Nf3 Rcc2 35. Ne1 Re2 36. h3 Rxe1 37. Rxe1 Nc2 38. Rxb5 Nxe1 39. Bh1 Kf6 40. g4 g5 41. Rb8 Nd3 42. Rf8 Kg7 43. Rb8 Nf4 44. b4 Bc4 45. Bf3 Nxh3 46. Kh1 Rf2 47. b5 Rxf3 48. b6 Rb3 49. Rb7 Kg6 50. Re7 Rxb6 51. Rxe5 Rb2 52. Rc5 Bd3 53. Re5 Nf4 54. Kg1 Rg2 55. Kh1 Rxg4 56. Re8 Kg7 57. Re5 Ne2 58. Kh2 Bxe4 59. Kh3 h5 60. Kh2 Kf6  0-1

[Event "Cannes Open A"]
[Site "Cannes France"]
[EventDate "2007.02.18"]
[Date "2007.02.20"]
[Round "3"]
[White "BOZINOVIC, Boban"]
[WhiteTitle "-"]
[WhiteElo "2137"]
[Black "KIRSCH, Alain"]
[BlackTitle "-"]
[BlackElo "2042"]
[Result "1-0"]
[Source "MonRoi"]

1. e4 g6 2. d4 Bg7 3. Nc3 c6 4. Nf3 d6 5. Bc4 b5 6. Bb3 a6 7. O-O Nd7 8. Bxf7 Kxf7 9. Ng5 Ke8 10. Ne6 Qb6 11. Nxg7 Kf7 12. Nh5 gxh5 13. Qxh5 Kg7 14. Rd1 b4 15. e5 dxe5 16. dxe5 bxc3 17. e6 Ne5 18. Bh6 Nxh6 19. Qxe5 Kg6 20. Qe4 Kg7 21. Qe5 Kg6 22. Qxh8 Bb7 23. Qxc3 Rf8 24. Qg3 Kf6 25. Qh4 Kg6 26. Rd3 Nf5 27. Qg4 Kf6 28. Rf3 Qc5 29. Re1 Qxc2 30. h4 h6 31. h5  1-0

[Event "Cannes Open A"]
[Site "Cannes France"]
[EventDate "2007.02.18"]
[Date "2007.02.20"]
[Round "3"]
[White "PARODI, Alessandro"]
[WhiteTitle "-"]
[WhiteElo "1893"]
[Black "SORCINELLI, Francesco"]
[BlackTitle "-"]
[BlackElo "2123"]
[Result "0-1"]
[Source "MonRoi"]

1. d4 f5 2. c4 Nf6 3. Nc3 d6 4. Nf3 g6 5. e3 Bg7 6. Be2 O-O 7. O-O Qe8 8. b4 a5 9. bxa5 e5 10. dxe5 dxe5 11. Nd5 Nxd5 12. Qxd5 Kh8 13. Bb2 Nc6 14. Bc3 h6 15. Rfd1 e4 16. Nd4 Ne5 17. Qc5 c6 18. Qb4 g5 19. Qb2 f4 20. Rd2 Qe7 21. Bf1 fxe3 22. fxe3 Rxf1 23. Rxf1 Nxc4 24. Nxc6 bxc6 25. Bxg7 Kh7 26. Bf8 Qa7 27. Qc3 Nxd2 28. Qxd2 Ba6 29. Rf2 Rb8 30. h3 Bd3 31. Bd6 Rb1 32. Kh2 Qg7 33. g4 Qa1 34. Rf7 Kg6 35. Rf2 h5 36. gxh5 Kxh5 37. Rg2 Rh1 38. Kg3 Qf6 39. Qb4 Qf3  0-1

[Event "Cannes Open A"]
[Site "Cannes France"]
[EventDate "2007.02.18"]
[Date "2007.02.20"]
[Round "3"]
[White "DIMITROV, Christo"]
[WhiteTitle "FM"]
[WhiteElo "2299"]
[Black "HERVAIS, Adrien"]
[BlackTitle "-"]
[BlackElo "2071"]
[Result "0-1"]
[Source "MonRoi"]

1. e4 e5 2. Bc4 Nf6 3. d3 c6 4. Nf3 d5 5. Bb3 Bd6 6. Nc3 dxe4 7. Ng5 O-O 8. Ncxe4 Be7 9. Nxf6 Bxf6 10. h4 Na6 11. Qh5 Bxg5 12. hxg5 Bf5 13. Be3 Nb4 14. Rh4 Nd5 15. O-O-O Qd6 16. Rdh1 Nxe3 17. fxe3 Bg6 18. Qg4 Rfd8 19. e4 Qd7 20. Rxh7 Bxh7 21. Qh5 Kf8 22. Rf1 Bg8 23. g6  0-1

[Event "Cannes Open A"]
[Site "Cannes France"]
[EventDate "2007.02.18"]
[Date "2007.02.20"]
[Round "3"]
[White "DI LAZZARO, Gabriele"]
[WhiteTitle "-"]
[WhiteElo "2010"]
[Black "DELABACA, Romuald"]
[BlackTitle "-"]
[BlackElo "2160"]
[Result "1/2-1/2"]
[Source "MonRoi"]

1. e4 c5 2. Nf3 d6 3. c3 Nf6 4. h3 g6 5. e5 dxe5 6. Nxe5 Nbd7 7. Bb5 Bg7 8. d4 cxd4 9. cxd4 O-O 10. O-O Nb6 11. Nc3 Be6 12. Be3 Rc8 13. Qd2 Nbd5 14. Nxd5 Nxd5 15. Bh6 a6 16. Bxg7 Kxg7 17. Be2 Nf6 18. Bf3 Bd5 19. Bxd5 Qxd5 20. Rfd1 Rfd8 21. b3 Qb5 22. Rac1 Rxc1 23. Qxc1 Nd5 24. Qd2 Qb6 25. Ng4 Qd6 26. Qh6 Kg8 27. Qd2 Nf4 28. Kh1 h5 29. Nh2 Qf6 30. Qe3 Qg5 31. Rg1 Qf6 32. Nf3 Nd5 33. Qd2 Rc8 34. Rc1 Rxc1 35. Qxc1 Kg7 36. Qc8 Qb6 37. Qc4 e6 38. Qe2 Qc7 39. Qc4 Qf4 40. Qe2 Qc1 41. Kh2 Kf8 42. Qd2 Qxd2 43. Nxd2 Nb4 44. a4 Nc6 45. Nf3 Ke7 46. Kg3 Kd6 47. Kf4 f6 48. Ke4 Nb4 49. Nd2 b5 50. axb5 axb5 51. Nb1 Nd5 52. g3 Kc6 53. Kd3 Ne7 54. Nc3 f5 55. h4 b4  1/2-1/2

[Event "Cannes Open A"]
[Site "Cannes France"]
[EventDate "2007.02.18"]
[Date "2007.02.20"]
[Round "3"]
[White "WUNDERMAN, Xavier"]
[WhiteTitle "-"]
[WhiteElo "2113"]
[Black "GODART, Francois"]
[BlackTitle "-"]
[BlackElo "1996"]
[Result "1-0"]
[Source "MonRoi"]

1. e4 c6 2. d3 d5 3. Nd2 g6 4. g3 Bg7 5. Bg2 e5 6. Qe2 Ne7 7. Ngf3 d4 8. O-O O-O 9. c3 dxc3 10. bxc3 c5 11. Rb1 Nbc6 12. Nc4 b6 13. Ne3 Ba6 14. c4 Bc8 15. Nd5 Bg4 16. Qe1 f5 17. Ng5 fxe4 18. Bxe4 Rc8 19. f4 h6 20. Nf3 exf4 21. Bxf4 Nxd5 22. cxd5 Nd4 23. d6 Nxf3 24. Bxf3 Bxf3 25. Rxf3 Qd7 26. Re3 Rfe8 27. Be5 Bxe5 28. Rxe5 Rxe5 29. Qxe5 Re8 30. Qd5 Kg7 31. Rf1 Re6 32. Qf3 g5 33. Qf8 Kg6 34. g4 Qg7 35. Qf5  1-0

[Event "Cannes Open A"]
[Site "Cannes France"]
[EventDate "2007.02.18"]
[Date "2007.02.20"]
[Round "3"]
[White "BRUNED, Vianney"]
[WhiteTitle "-"]
[WhiteElo "1945"]
[Black "TRITAR, Kamel"]
[BlackTitle "-"]
[BlackElo "2108"]
[Result "1-0"]
[Source "MonRoi"]

1. e4 c6 2. d4 d5 3. exd5 cxd5 4. c4 Nf6 5. Nc3 Nc6 6. Nf3 Bg4 7. cxd5 Nxd5 8. Be2 e6 9. a3 Be7 10. O-O O-O 11. h3 Bh5 12. Ne4 Rc8 13. Ng3 Bxf3 14. Bxf3 Bf6 15. Be3 Qb6 16. Bxd5 exd5 17. Qg4 g6 18. Rfd1 Kh8 19. h4 Na5 20. h5 Qe6 21. Qf3 Rc2 22. Re1 Qd6 23. Rac1 Rfc8 24. Rxc2 Rxc2 25. Bf4 Qd8 26. Qxd5 Rc8 27. Qxf7 Bxd4 28. hxg6 hxg6 29. Qxg6 Qf8 30. Be5 Bxe5 31. Rxe5 Qg7 32. Rh5 Kg8 33. Qe6  1-0

[Event "Cannes Open A"]
[Site "Cannes France"]
[EventDate "2007.02.18"]
[Date "2007.02.20"]
[Round "3"]
[White "TAILLEFER, Bertrand"]
[WhiteTitle "-"]
[WhiteElo "1710"]
[Black "GIRARD, Jean Pierre"]
[BlackTitle "-"]
[BlackElo "2028"]
[Result "0-1"]
[Source "MonRoi"]

1. e4 c5 2. Nf3 d6 3. d4 cxd4 4. Nxd4 Nf6 5. Nc3 a6 6. f3 e6 7. Be3 Be7 8. Qd2 Nc6 9. Bc4 Ne5 10. Bb3 Qc7 11. O-O-O b5 12. h4 O-O 13. g4 Bd7 14. h5 b4 15. Nce2 a5 16. c3 a4 17. Bc2 Nc4 18. Qd3 e5 19. Nf5 Bxf5 20. exf5 b3 21. axb3 axb3 22. Bxb3 Nxe3 23. Qxe3 Qb7 24. Bc2 Rab8 25. Qd3 d5 26. g5 e4 27. Qd4 exf3 28. Ng3 Qxb2 29. Kd2 Ne4 30. Nxe4 dxe4 31. Ke3 Bxg5 32. Kxe4 Qxc2 33. Kxf3 Rb2 34. Rhg1 Qe2 35. Kg3 Qh2 36. Kf3 Qe2 37. Kg3 Re8 38. Rde1 Qh2 39. Kg4 Rg2 40. Kf3 Qg3  0-1

[Event "Cannes Open A"]
[Site "Cannes France"]
[EventDate "2007.02.18"]
[Date "2007.02.20"]
[Round "3"]
[White "HAUSEUX, Paul"]
[WhiteTitle "-"]
[WhiteElo "1780"]
[Black "GALLUCCI, Alessio"]
[BlackTitle "-"]
[BlackElo "1910"]
[Result "0-1"]
[Source "MonRoi"]

1. c4 Nf6 2. g3 c6 3. Bg2 d5 4. cxd5 cxd5 5. d4 Bf5 6. Nf3 e6 7. O-O Be7 8. Nc3 O-O 9. Ne5 Nc6 10. Nxc6 bxc6 11. f3 c5 12. Be3 c4 13. Bf2 Rb8 14. e4 Bg6 15. Rb1 Bb4 16. Qe2 Qa5 17. Be1 Qb6 18. Bf2 Bxc3 19. bxc3 Qxb1 20. Rxb1 Rxb1 21. Be1 Rfb8 22. h4 R8b2 23. Qe3 Rxa2 24. exd5 Rbb2 25. Bf2 Rxf2 26. Qxf2 Rxf2 27. Kxf2 Nxd5  0-1

[Event "Cannes Open A"]
[Site "Cannes France"]
[EventDate "2007.02.18"]
[Date "2007.02.21"]
[Round "4"]
[White "MOGRANZINI, Roberto"]
[WhiteTitle "FM"]
[WhiteElo "2401"]
[Black "PALAC, Mladen"]
[BlackTitle "GM"]
[BlackElo "2571"]
[Result "0-1"]
[Source "MonRoi"]

1. e4 c5 2. Nf3 e6 3. d4 cxd4 4. Nxd4 Nf6 5. Nc3 d6 6. Be2 a6 7. Be3 Qc7 8. Qd2 b5 9. a3 Bb7 10. f3 Nbd7 11. O-O Be7 12. Qe1 O-O 13. Kh1 d5 14. exd5 Nxd5 15. Nxd5 Bxd5 16. Rd1 Nb6 17. Bd3 Na4 18. Bc1 Nc5 19. Be2 Rfd8 20. Bd2 Rd7 21. Ba5 Qa7 22. Qf2 Rc8 23. b3 Nb7 24. Bb4 Bf6 25. a4 bxa4 26. c4 Bxc4 27. bxc4 Bxd4 28. Qg3 Nc5 29. Rd2 a5 30. Ba3 Nb3 31. Ra2 Bc5 32. Bb2 Bf8 33. Rxa4 Rd2 34. Qe5 Nc5 35. Ra2 Rb8 36. Rb1 Rb3 37. Rba1 f6  0-1

[Event "Cannes Open A"]
[Site "Cannes France"]
[EventDate "2007.02.18"]
[Date "2007.02.21"]
[Round "4"]
[White "SULAVA, Nenad"]
[WhiteTitle "GM"]
[WhiteElo "2537"]
[Black "HESS, Robert"]
[BlackTitle "FM"]
[BlackElo "2394"]
[Result "1-0"]
[Source "MonRoi"]

1. Nf3 d5 2. d4 Nf6 3. c4 e6 4. Nc3 a6 5. cxd5 exd5 6. Bg5 Be7 7. e3 Be6 8. Bd3 Nbd7 9. O-O h6 10. Bf4 O-O 11. h3 Ne8 12. Bh2 Bd6 13. Ne5 c6 14. Kh1 f5 15. Ne2 Qf6 16. f4 Bb8 17. g4 fxg4 18. f5 Nxe5 19. dxe5 Bxe5 20. fxe6 Qxe6 21. Bh7+ Kxh7 22. Rxf8 Nf6 23. Rxa8 Bxh2 24. Kxh2 Qe5 25. Ng3 Ne4 26. Qxg4 Qxb2 27. Ne2 Nf6 28. Qf5 g6 29. Qe6  1-0

[Event "Cannes Open A"]
[Site "Cannes France"]
[EventDate "2007.02.18"]
[Date "2007.02.21"]
[Round "4"]
[White "HOMMELES, Theo"]
[WhiteTitle "FM"]
[WhiteElo "2375"]
[Black "SANCHEZ, Joseph"]
[BlackTitle "IM"]
[BlackElo "2482"]
[Result "1/2-1/2"]
[Source "MonRoi"]

1. e4 c5 2. Nf3 Nc6 3. d4 cxd4 4. Nxd4 Nf6 5. Nc3 e5 6. Ndb5 d6 7. Bg5 a6 8. Na3 b5 9. Nd5 Be7 10. Nxe7 Nxe7 11. Qf3 Nd7 12. c4 b4 13. Bxe7 Qxe7 14. Nc2 Rb8 15. Ne3 Nc5 16. Nd5 Qh4 17. Bd3 f5 18. Bc2 fxe4 19. Qe3 O-O 20. O-O Bf5 21. b3 Be6 22. Rad1 Bg4 23. Rd2 Bf3 24. gxf3 Rxf3 25. Qe1 Rbf8 26. Re2 R8f5 27. Rxe4 Nxe4 28. Qxe4 Rg5 29. Kh1 Rxf2 30. Nf6 Rxf6 31. Qd5 Kf8 32. Qxd6 Kf7 33. Qc7 Ke8 34. Qb8 Kf7 35. Qb7 Ke8 36. Qc8 Ke7 37. Qc7  1/2-1/2